000 01097cam a2200385 a 4500
001 data
005 20260322212103.0
008 data
035 _a1406647
906 _a7
_bcbc
_corignew
_d1
_eocip
_f19
_gy-gencatlg
010 _a 83017714
020 _a0133854353
_qpbk.
020 _a9780133854350
_q(pbk.)
035 _9(DLC) 83017714
040 _aDLC
_cDLC
_dDLC
050 0 0 _aRA776
_b.L348 1984
060 _aWA 4 L312h
082 0 0 _a613
_219
100 1 _aLaPlace, John.
245 1 0 _aHealth /
_cJohn LaPlace.
250 _a4th ed.
260 _aEnglewood Cliffs, N.J. :
_bPrentice-Hall,
_cc1984.
300 _axix, 555 p. :
_bill. (some col.) ;
_c23 cm.
336 _atext
_btxt
_2rdacontent
337 _aunmediated
_bn
_2rdamedia
338 _avolume
_bnc
_2rdacarrier
500 _aIncludes index.
504 _aBibliography: p. 538-545.
650 0 _aHealth.
650 0 _aPublic health.
650 2 _aHealth.
650 2 _aPublic health.
991 _bc-GenColl
_hRA776
_i.L348 1984
_tCopy 1
_wBOOKS
999 _c1505
_d1505